00297nam a2200121Ia 4500008004100000100001700041245004800058260002300106300001000129650001200139942000700151999001700158190216s9999||||xx |||||||||||||| ||und|| aMurukesan. R 0aPhysics I(Physics For Engineering Students) bS Chand & Coc2003 a197 p aPhysics cBK c33787d33787